Novels by Map II Quiz Stats

Quiz Updated Apr 10, 2015

Also try: Novels by Map
Challenge
Share
Tweet
Score 0/10 Timer 06:00
7 Plays Today
% Correct
Lord of the Rings trilogy by J.R.R. Tolkien
98.2%
The Odyssey by Homer
83.1%
The Wonderful Wizard of Oz by L. Frank Baum
76.5%
To Kill a Mockingbird by Harper Lee
68.9%
A Song of Ice and Fire series by George R.R. Martin
64.8%
Gulliver's Travels by Jonathan Swift
64.3%
The Adventures of Huckleberry Finn by Mark Twain
61.4%
The Great Gatsby by F. Scott Fitzgerald
59.3%
Nineteen Eighty-Four by George Orwell
52.3%
Alice's Adventures in Wonderland by Lewis Carroll
45.8%

You're not logged in!

Compare scores with friends on all Sporcle quizzes.
Join for Free
OR
Log In

You Might Also Like...

Show Comments

Extras

Top Quizzes Today


Score Distribution

Your Account Isn't Verified!

In order to create a playlist on Sporcle, you need to verify the email address you used during registration. Go to your Sporcle Settings to finish the process.

Report this User

Report this user for behavior that violates our Community Guidelines.

Details: